Function in English /

Guardat en:
Dades bibliogràfiques
Autor principal: Blundell, Jon
Altres autors: Middlemiss, Nigel
Format: Sách giấy
Idioma:English
Publicat: Oxford : Oxford University Press , 1988
Etiquetes: Afegir etiqueta
Sense etiquetes, Sigues el primer a etiquetar aquest registre!
Thư viện lưu trữ: Thư viện Trường Đại học Đà Lạt
LEADER 00625nam a2200265 4500
001 DLU020015846
005 ##10/18/2000
020 # # |a 978- 
041 # # |a eng 
082 # # |a 428.3  |b BL-J 
090 # # |a 428.3  |b BL-J 
100 # # |a Blundell, Jon 
245 # # |a Function in English /  |c Blundell Jon, Middlemiss Nigel 
260 # # |a Oxford :  |b Oxford University Press ,  |c 1988 
300 # # |a 276 tr.;   |c 20 cm. 
700 # # |a Middlemiss, Nigel 
992 # # |a 15600 
994 # # |a DLU 
900 # # |a False 
911 # # |a Administrator 
925 # # |a G 
926 # # |a A 
927 # # |a SH 
980 # # |a Thư viện Trường Đại học Đà Lạt